000 00603nam a22002057a 4500
003 OSt
005 20230217024557.0
008 230217b |||||||| |||| 00| 0 eng d
020 _a9781292420103
040 _aMMU
_beng
_cMMU
_dMMU
050 _aQA76.9 .C643S73 2022
100 _aStalling, William,
245 _aComputer organization and architecture :
_bDesigning for performance /
_cWilliams stalling
250 _a11th ed.
260 _aNewyork:
_bPearson,
_c2022.
300 _a889 p.:
500 _aincludes refferences and index
650 _2architecture
942 _2lcc
_cLOAN LOAN
_e11th ed.
999 _c32473
_d32470